00540nam a2200193 a 4500001001300000003000900013005001700022008004100039020002300080082001800103100002000121245006000141260005400201300001000255500003500265505001000300650001600310700002000326nice12345678IN_TiNIC20260116014203.0140217s2013 newa grp 000 0 eng  a8174356592 c20000a297.409bSMI1 aSmith, Margaret aRabia Basrib The Mystic and Her Fellow Saints in Islam aNew Delhi bAdam Publisher and Distributer c2013 a211p  aincludes index and biblioraphy2 aindex aRabia Basri1 aSmith, Margaret